| 000 | 00473nam a2200181Ia 4500 | ||
|---|---|---|---|
| 005 | 20250326124022.0 | ||
| 008 | 250326s9999 xx 000 0 und d | ||
| 037 | _aTextbook | ||
| 040 |
_aFMSL _beng _cFMSL |
||
| 041 |
_aeng _2eng |
||
| 084 |
_aXobD L3 _qFMSL |
||
| 100 |
_aPark W R _9736620 |
||
| 245 | 0 |
_aCost engineering analysis _cPark W R |
|
| 260 |
_aNY _bNY, John Wiley _c1973 |
||
| 300 | _a308p | ||
| 942 |
_cTB _hXobD L3 |
||
| 999 |
_c1271916 _d1271916 |
||